00773nam a2200193 i 450000100060000000300090000600500170001500700030003200800410003508000140007610000580009024502320014826000550038030000220043565000420045765000320049970000270053185200210055889685ES-MaACL20250903075124.0t|050112s1939 sp ||||1| spa d a025.343.11 aLasso de la Vega Jiménez-Placer, Javier,d1892-199010aReglas para la formación y redacción de los catálogos-diccionarios en las bibliotecas : bseguidas de una lista de encabezamientos de materia y numerosos apéndices / cpor Javier Lasso de la Vega y Cesáreo Goicoechea. aVitoria : b[s.n.], c1939 (eSantander : fAldus) a200 p. ; c22 cm. 7aCatalogación bibliográfica2embne 4aEncabezamientos de materia.1 aGoicoechea, Cesáreo.4 aES-MaACLjA-5237